[Event "Tula Rassadnev Memorial"]
[Site "Tula"]
[Date "2006.02.21"]
[Round "15"]
[White "Sinitsin, Evgeniy"]
[Black "Kazakov, Nikolay"]
[Result "1-0"]
[WhiteElo "2327"]
[BlackElo "1906"]
[PlyCount "85"]
[EventDate "2006.02.01"]
[EventType "tourn"]
[EventRounds "15"]
[EventCountry "RUS"]
[SourceTitle "EXT 2007"]
[Source "ChessBase"]
[SourceDate "2006.11.23"]
[SourceVersion "1"]
[SourceVersionDate "2006.11.23"]
[SourceQuality "1"]

1. d4 Nf6 2. Nf3 e6 3. c4 b6 4. Bg5 Bb7 5. e3 Bb4+ 6. Nbd2 0-0 7. Bd3 Be7 8. 0-0 d6 9. Rc1 Nbd7 10. Bb1 h6 11. Bxf6 Nxf6 12. e4 Re8 13. Qe2 Nd7 14. e5 Nf8 15. Rfd1 Qc8 16. Ne4 Ng6 17. Qe3 d5 18. cxd5 Bxd5 19. Nd6 Bxd6 20. exd6 c6 21. Bxg6 fxg6 22. Ne5 Qd8 23. d7 Rf8 24. Nxg6 Qxd7 25. Nxf8 Rxf8 26. Rc3 Rf5 27. Qe2 b5 28. Rg3 Qf7 29. b3 Qf6 30. a4 h5 31. h3 a6 32. Qd2 h4 33. Rc3 Rg5 34. f3 Rg3 35. Kh2 g5 36. Rg1 e5 37. Rd3 Qd6 38. dxe5 Qxe5 39. Kh1 Qf5 40. axb5 axb5 41. Re3 Kf7 42. Ra1 Kg6 43. Ra7 1-0

[Event "Tula Rassadnev Memorial"]
[Site "Tula"]
[Date "2006.02.18"]
[Round "12"]
[White "Kramorev, Yuri"]
[Black "Sinitsin, Evgeniy"]
[Result "0-1"]
[WhiteElo "2048"]
[BlackElo "2327"]
[PlyCount "138"]
[EventDate "2006.02.01"]
[EventType "tourn"]
[EventRounds "15"]
[EventCountry "RUS"]
[SourceTitle "EXT 2007"]
[Source "ChessBase"]
[SourceDate "2006.11.23"]
[SourceVersion "1"]
[SourceVersionDate "2006.11.23"]
[SourceQuality "1"]

1. e4 c5 2. Nc3 Nc6 3. g3 g6 4. Bg2 Bg7 5. d3 e6 6. f4 d6 7. Nf3 Nge7 8. 0-0 Bd7 9. Ne2 0-0 10. c3 f5 11. Be3 b6 12. Qc2 Qc7 13. Nd2 Kh8 14. Rac1 Rae8 15. d4 fxe4 16. Nxe4 c4 17. Nd2 b5 18. Nf3 e5 19. dxe5 dxe5 20. Rcd1 Bf5 21. Qd2 Rd8 22. Qe1 Bd3 23. Nxe5 Nxe5 24. fxe5 Qxe5 25. Rxf8+ Rxf8 26. Nf4 Nf5 27. Bf2 Re8 28. Qxe5 Bxe5 29. Nxd3 Rd8 30. Bf1 a6 31. Be2 cxd3 32. Rxd3 Re8 33. Bf3 Kg7 34. g4 Nd6 35. Bd4 Bxd4+ 36. Rxd4 Rd8 37. b3 Kf6 38. Kf2 Ke5 39. Rd5+ Ke6 40. Rd4 Rc8 41. Rd3 Rc5 42. Re3+ Kf6 43. Rd3 Nf7 44. h4 h6 45. Be2 Rc7 46. Rf3+ Ke6 47. c4 Ne5 48. Re3 bxc4 49. Bxc4+ Kd6 50. Re4 a5 51. a4 Rc5 52. Ke3 Rc8 53. Rd4+ Ke7 54. Re4 Kd6 55. Rd4+ Ke7 56. Re4 Rc5 57. Kd4 Kd6 58. Ke3 Rc6 59. Kd4 Nf3+ 60. Ke3 Nxh4 61. Re6+ Kc5 62. Rxc6+ Kxc6 63. Kf4 g5+ 64. Ke5 Kc5 65. Kf6 Kd4 66. Kg7 Ke5 67. Kxh6 Kf4 68. Be6 Nf3 69. Kh5 Nd4 0-1

[Event "Tula Rassadnev Memorial"]
[Site "Tula"]
[Date "2006.02.15"]
[Round "10"]
[White "Sergeev, Gennady1"]
[Black "Sinitsin, Evgeniy"]
[Result "0-1"]
[WhiteElo "2155"]
[BlackElo "2327"]
[PlyCount "92"]
[EventDate "2006.02.01"]
[EventType "tourn"]
[EventRounds "15"]
[EventCountry "RUS"]
[SourceTitle "EXT 2007"]
[Source "ChessBase"]
[SourceDate "2006.11.23"]
[SourceVersion "1"]
[SourceVersionDate "2006.11.23"]
[SourceQuality "1"]

1. e4 c5 2. d4 cxd4 3. c3 dxc3 4. Nxc3 Nc6 5. Nf3 g6 6. Bc4 Bg7 7. 0-0 d6 8. Qe2 Nf6 9. Rd1 Bg4 10. h3 Bxf3 11. Qxf3 0-0 12. Qe2 a6 13. a4 Ne5 14. Ba2 Qb6 15. Be3 Qa5 16. Nd5 Nxd5 17. Bxd5 Nc6 18. f3 Qb4 19. Rd3 Na5 20. Qd2 Qxd2 21. Rxd2 Rac8 22. Bf2 Nc4 23. Bxc4 Rxc4 24. a5 Rfc8 25. Rad1 Rc2 26. Bd4 Bxd4+ 27. Rxd4 Rxb2 28. R4d2 Rcc2 29. Rxc2 Rxc2 30. Rb1 Rc7 31. Kf2 Kg7 32. f4 Kf6 33. Rb3 Rc5 34. Ra3 e5 35. Kf3 Ke6 36. g3 h5 37. h4 exf4 38. gxf4 f5 39. exf5+ Kxf5 40. Ke3 Rb5 41. Ra4 Rb3+ 42. Kd2 d5 43. Ra1 Rb4 44. Rg1 Rxf4 45. Rg5+ Ke4 46. Rxg6 Rxh4 0-1

[Event "Tula Rassadnev Memorial"]
[Site "Tula"]
[Date "2006.02.01"]
[Round "1"]
[White "Priklonsky, Elektron"]
[Black "Sinitsin, Evgeniy"]
[Result "0-1"]
[WhiteElo "2114"]
[BlackElo "2327"]
[PlyCount "56"]
[EventDate "2006.02.01"]
[EventType "tourn"]
[EventRounds "15"]
[EventCountry "RUS"]
[SourceTitle "EXT 2007"]
[Source "ChessBase"]
[SourceDate "2006.11.23"]
[SourceVersion "1"]
[SourceVersionDate "2006.11.23"]
[SourceQuality "1"]

1. e4 c5 2. Nf3 Nf6 3. e5 Nd5 4. c4 Nc7 5. d4 cxd4 6. Nxd4 g6 7. Be2 Bg7 8. f4 0-0 9. 0-0 d6 10. exd6 Qxd6 11. Nc2 Qb6+ 12. Kh1 Bxb2 13. Bxb2 Qxb2 14. Nba3 Nc6 15. Nb5 Rd8 16. Qc1 Qxc1 17. Raxc1 Ne6 18. f5 Nc5 19. fxg6 hxg6 20. Nc7 Rb8 21. Nd5 e6 22. Nf6+ Kg7 23. g3 b6 24. Ne3 Bb7 25. Bd1 Rd2 26. Rc2 Nd4+ 27. Kg1 Nxc2 28. Bxc2 Re2 0-1

[Event "Tula Afromeev Memorial"]
[Site "Tula"]
[Date "2005.07.25"]
[Round "6"]
[White "Saulin, Dmitri"]
[Black "Sinitsin, Evgeniy"]
[Result "0-1"]
[WhiteElo "2446"]
[BlackElo "2307"]
[PlyCount "100"]
[EventDate "2005.07.20"]
[EventType "tourn"]
[EventRounds "11"]
[EventCountry "RUS"]
[EventCategory "6"]
[SourceTitle "EXT 2006"]
[Source "ChessBase"]
[SourceDate "2005.11.24"]
[SourceVersion "1"]
[SourceVersionDate "2005.11.24"]
[SourceQuality "1"]

1. e4 c5 2. Nf3 Nc6 3. Bb5 Nf6 4. Nc3 g6 5. e5 Ng4 6. Bxc6 dxc6 7. h3 Nh6 8. Ne4 b6 9. Qe2 Bg7 10. Nf6+ Kf8 11. Ne4 f6 12. d3 Nf7 13. Bf4 g5 14. Bg3 h6 15. e6 Bxe6 16. Nxc5 Bf5 17. Nb3 e5 18. d4 e4 19. Nfd2 Qd7 20. 0-0-0 Re8 21. f3 exf3 22. Qxf3 Be6 23. Rhe1 Nd6 24. Qf1 Kf7 25. Nf3 Bc4 26. Qf2 Nf5 27. Bh2 Rxe1 28. Rxe1 Re8 29. Rxe8 Kxe8 30. Nbd2 Be6 31. g4 Ne7 32. Ne4 Nc8 33. Ng3 Qd5 34. Nh5 Bh8 35. b3 f5 36. gxf5 Qxf5 37. Be5 Bd5 38. Bxh8 Qxf3 39. Qe1+ Kf7 40. Nf6 Qh1 41. Qxh1 Bxh1 42. Ng4 h5 43. Nf2 Bg2 44. Be5 Ke6 45. Kd2 Ne7 46. Kd3 b5 47. c4 a6 48. Bc7 Kf5 49. Ke3 Ng6 50. d5 bxc4 0-1

[Event "Tula Afromeev Memorial"]
[Site "Tula"]
[Date "2005.07.23"]
[Round "4"]
[White "Sergeev, Gennady"]
[Black "Sinitsin, Evgeniy"]
[Result "1/2-1/2"]
[WhiteElo "2451"]
[BlackElo "2307"]
[PlyCount "27"]
[EventDate "2005.07.20"]
[EventType "tourn"]
[EventRounds "11"]
[EventCountry "RUS"]
[EventCategory "6"]
[SourceTitle "EXT 2006"]
[Source "ChessBase"]
[SourceDate "2005.11.24"]
[SourceVersion "1"]
[SourceVersionDate "2005.11.24"]
[SourceQuality "1"]

1. d4 d5 2. c4 c6 3. Bf4 Bf5 4. e3 e6 5. cxd5 exd5 6. Bd3 Bxd3 7. Qxd3 Bd6 8. Bxd6 Qxd6 9. Nf3 Qb4+ 10. Qc3 Qxc3+ 11. Nxc3 Nf6 12. b4 Nbd7 13. 0-0 0-0 14. b5 1/2-1/2

[Event "Tula Afromeev Memorial"]
[Site "Tula"]
[Date "2005.07.20"]
[Round "1"]
[White "Igriashvili, Zurab"]
[Black "Sinitsin, Evgeniy"]
[Result "1-0"]
[WhiteElo "2279"]
[BlackElo "2307"]
[PlyCount "85"]
[EventDate "2005.07.20"]
[EventType "tourn"]
[EventRounds "11"]
[EventCountry "RUS"]
[EventCategory "6"]
[SourceTitle "EXT 2006"]
[Source "ChessBase"]
[SourceDate "2005.11.24"]
[SourceVersion "1"]
[SourceVersionDate "2005.11.24"]
[SourceQuality "1"]

1. e4 c5 2. Nc3 Nc6 3. f4 e6 4. Nf3 d5 5. Bb5 Nge7 6. 0-0 d4 7. Ne2 a6 8. Bxc6+ Nxc6 9. d3 Be7 10. Ne5 Bd7 11. Ng3 g6 12. Nf3 f5 13. Re1 0-0 14. c3 Qb6 15. Kh1 Rae8 16. Bd2 Bf6 17. Rb1 Rf7 18. a3 h5 19. Qc2 h4 20. Ne2 Kg7 21. Neg1 dxc3 22. bxc3 Qc7 23. Nh3 e5 24. Nhg5 Bxg5 25. Nxg5 Rfe7 26. fxe5 Nxe5 27. Bf4 Qc6 28. c4 h3 29. Qc3 Kg8 30. Nxh3 fxe4 31. dxe4 Bxh3 32. Qxh3 Nxc4 33. Bg5 Rxe4 34. Rf1 R4e6 35. Qc3 b5 36. Bh6 R6e7 37. Rf3 Qe4 38. Rbf1 Qd4 39. Qc2 Qe4 40. Qf2 Ne5 41. Rf8+ Kh7 42. Bg5 Nd3 43. Qf7+ 1-0

[Event "Tula Efremenkov Memorial"]
[Site "Tula"]
[Date "2005.02.01"]
[Round "?"]
[White "Novikov, Maxim"]
[Black "Sinitsin, Evgeniy"]
[Result "1-0"]
[WhiteElo "2515"]
[BlackElo "2315"]
[PlyCount "123"]
[EventDate "2005.01.30"]
[EventType "tourn"]
[EventRounds "13"]
[EventCountry "RUS"]
[EventCategory "6"]
[SourceTitle "EXT 2006"]
[Source "ChessBase"]
[SourceDate "2005.11.24"]
[SourceVersion "1"]
[SourceVersionDate "2005.11.24"]
[SourceQuality "1"]

1. e4 e5 2. Nc3 Nc6 3. g3 f5 4. d3 d6 5. Bg2 Nf6 6. Nge2 Be7 7. 0-0 0-0 8. Nd5 Nxd5 9. exd5 Nd4 10. Re1 Bf6 11. Bd2 Nxe2+ 12. Qxe2 Bd7 13. c4 a5 14. Bc3 Qe8 15. Qd2 b6 16. f4 e4 17. dxe4 fxe4 18. Rxe4 Bxc3 19. Qxc3 Qf7 20. Rae1 Rae8 21. a3 Bf5 22. R4e3 Rxe3 23. Rxe3 Re8 24. Bf3 Kf8 25. Rxe8+ Qxe8 26. Kf2 Qg6 27. b4 axb4 28. axb4 Be4 29. Be2 Bf5 30. Qa3 Qf6 31. g4 Bd7 32. Qf3 Qb2 33. b5 Kf7 34. h3 g6 35. Qe3 Bc8 36. Kg3 Bd7 37. Bd3 Qf6 38. Be2 Qa1 39. Bf3 Bc8 40. Kh4 Qf6+ 41. g5 Qb2 42. Bg4 Bxg4 43. Kxg4 Qg2+ 44. Kh4 Kf8 45. Qd4 Kg8 46. Qe3 Kf8 47. f5 gxf5 48. Kh5 Qc2 49. Qd4 f4 50. Qxf4+ Kg8 51. Qg4 Qd3 52. Qc8+ Kg7 53. Qxc7+ Kg8 54. Qd8+ Kg7 55. Qf6+ Kg8 56. Qe6+ Kg7 57. Qf6+ Kg8 58. h4 Qxc4 59. Qxd6 Qxb5 60. Qe6+ Kf8 61. d6 Qc6 62. Kh6 1-0

[Event "Tula Suetin Memorial op"]
[Site "Tula"]
[Date "2002.??.??"]
[Round "9"]
[White "Bakutin, Aleksey"]
[Black "Sinitsin, Evgeniy"]
[Result "0-1"]
[WhiteElo "2224"]
[BlackElo "2325"]
[PlyCount "62"]
[EventDate "2002.03.23"]
[EventType "swiss"]
[EventRounds "9"]
[EventCountry "RUS"]
[SourceTitle "CBM 087 Extra"]
[Source "ChessBase"]
[SourceDate "2002.05.03"]
[SourceVersion "2"]
[SourceVersionDate "2002.08.09"]
[SourceQuality "1"]

1. c4 e5 2. Nc3 Nf6 3. g3 c6 4. d4 d6 5. Bg2 Nbd7 6. e4 Be7 7. Nge2 0-0 8. 0-0 Ne8 9. Be3 Qc7 10. Rc1 g6 11. f4 exd4 12. Nxd4 Ng7 13. g4 h6 14. h3 Re8 15. Qd2 a5 16. b3 Nc5 17. f5 Qd8 18. Bxh6 g5 19. h4 f6 20. Nf3 gxh4 21. Nxh4 Bd7 22. Ng6 Qb6 23. Kh2 Kf7 24. Bxg7 Kxg7 25. Rh1 d5 26. exd5 Bd6+ 27. Nf4 Nd3 28. c5 Nxf4 29. cxd6 Re3 30. Na4 Rh8+ 31. Kg1 Re1# 0-1

[Event "RUS-Cup"]
[Site "Tula"]
[Date "2001.??.??"]
[Round "2"]
[White "Bets, Anatolij"]
[Black "Sinitsin, Evgeniy"]
[Result "1-0"]
[WhiteElo "2405"]
[BlackElo "2315"]
[PlyCount "105"]
[EventDate "2001.??.??"]
[EventType "swiss"]
[EventRounds "9"]
[EventCountry "RUS"]
[SourceTitle "EXT 2002"]
[Source "ChessBase"]
[SourceDate "2001.11.25"]
[SourceVersion "1"]
[SourceVersionDate "2001.11.25"]
[SourceQuality "1"]

1. d4 Nf6 2. c4 c5 3. d5 e5 4. Nc3 d6 5. e4 Be7 6. Bd3 0-0 7. h3 Ne8 8. Nf3 g6 9. Bh6 Ng7 10. g4 Nd7 11. Qd2 a6 12. Ne2 Rb8 13. a4 Nf6 14. Ng3 Kh8 15. Rg1 Bd7 16. b4 cxb4 17. Qxb4 a5 18. Qb2 b6 19. Nd2 Ng8 20. Bxg7+ Kxg7 21. f4 Kh8 22. Nf3 Bf6 23. f5 h6 24. Ke2 gxf5 25. gxf5 Bh4 26. Nh5 Nf6 27. Qd2 Bg5 28. Rxg5 hxg5 29. Qxg5 Rg8 30. Qxf6+ Qxf6 31. Nxf6 Rgd8 32. Nxd7 Rxd7 33. Rg1 Rg8 34. Rxg8+ Kxg8 35. Kf2 Kg7 36. Be2 Rd8 37. Kg3 Rg8 38. Nh2 Kf6+ 39. Ng4+ Kg7 40. h4 Rh8 41. Nh2 Rg8 42. Kh3 Rh8 43. h5 f6 44. Kh4 Rf8 45. Ng4 Rf7 46. Ne3 Rc7 47. Ng4 Rf7 48. c5 bxc5 49. Bb5 Rf8 50. Ne3 Kh6 51. Nc4 Rg8 52. Nxd6 Rg1 53. Nb7 1-0

[Event "RUS-Cup"]
[Site "Tula"]
[Date "2001.??.??"]
[Round "1"]
[White "Sinitsin, Evgeniy"]
[Black "Grebionkin, Vladimir"]
[Result "0-1"]
[WhiteElo "2315"]
[BlackElo "2461"]
[PlyCount "70"]
[EventDate "2001.??.??"]
[EventType "swiss"]
[EventRounds "9"]
[EventCountry "RUS"]
[SourceTitle "EXT 2002"]
[Source "ChessBase"]
[SourceDate "2001.11.25"]
[SourceVersion "1"]
[SourceVersionDate "2001.11.25"]
[SourceQuality "1"]

1. Nf3 c5 2. e4 Nc6 3. d3 g6 4. g3 Bg7 5. Bg2 e5 6. 0-0 Nge7 7. Be3 d6 8. Qd2 0-0 9. Bh6 f5 10. exf5 Bxf5 11. Nc3 Qd7 12. Rfe1 Bh3 13. Bh1 Bg4 14. Nh4 Nd4 15. Ne4 Bxh6 16. Qxh6 Nef5 17. Nxf5 Rxf5 18. c3 Nf3+ 19. Bxf3 Bxf3 20. Nd2 Raf8 21. Qh3 Qf7 22. Qf1 Bc6 23. Re2 Qd5 24. Ne4 Qxd3 25. Rd1 Bxe4 26. Rxd3 Bxd3 27. f4 exf4 28. Qf3 Bxe2 29. Qxe2 Re5 30. Qc4+ d5 31. Qxc5 f3 32. Kf2 Rf7 33. Qc8+ Kg7 34. Qg4 Re2+ 35. Kf1 Re4 0-1

[Event "RUS-Cup"]
[Site "Tula"]
[Date "2001.??.??"]
[Round "5"]
[White "Sinitsin, Evgeniy"]
[Black "Ponomarenko, Viktor"]
[Result "1-0"]
[WhiteElo "2315"]
[BlackElo "2201"]
[PlyCount "112"]
[EventDate "2001.??.??"]
[EventType "swiss"]
[EventRounds "9"]
[EventCountry "RUS"]
[SourceTitle "EXT 2002"]
[Source "ChessBase"]
[SourceDate "2001.11.25"]
[SourceVersion "1"]
[SourceVersionDate "2001.11.25"]
[SourceQuality "1"]

1. e4 c5 2. Nf3 d6 3. d4 cxd4 4. Qxd4 Nc6 5. Bb5 Bd7 6. Bxc6 Bxc6 7. c4 Nf6 8. Nc3 g6 9. 0-0 Bg7 10. Be3 0-0 11. Qd3 a6 12. Nd4 Rc8 13. f3 Nd7 14. Rac1 Nc5 15. Qd2 Ne6 16. Rfd1 Nxd4 17. Bxd4 Bxd4+ 18. Qxd4 Qa5 19. a3 Qg5 20. b4 h5 21. Qd2 Qxd2 22. Rxd2 f5 23. Nd5 Bxd5 24. exd5 f4 25. h4 Kf7 26. Kf2 Ke8 27. a4 Kd7 28. a5 Rf5 29. Rd4 Rcf8 30. Re4 Rg8 31. Rce1 Rf7 32. c5 Rgg7 33. cxd6 exd6 34. b5 Rf5 35. Rb1 axb5 36. Rxb5 Kc7 37. a6 Kb8 38. Re6 g5 39. Rxd6 gxh4 40. Rdb6 Ka7 41. axb7 Kb8 42. d6 Rf8 43. Rxh5 Rfg8 44. Ra5 Rxb7 45. Rxb7+ Kxb7 46. Rh5 Kc6 47. Rxh4 Rf8 48. Rh6 Ra8 49. Rf6 Ra4 50. Kg1 Rd4 51. Re6 Rd5 52. Rf6 Rd4 53. Kh2 Kd5 54. d7 Ke5 55. Rf7 Rd6 56. Kh3 Rd2 1-0

[Event "Tula-B"]
[Site "Tula"]
[Date "2000.??.??"]
[Round "1"]
[White "Markosian, David S"]
[Black "Sinitsin, Evgeniy"]
[Result "1/2-1/2"]
[WhiteElo "2406"]
[BlackElo "2275"]
[PlyCount "150"]
[EventDate "2000.??.??"]
[EventType "tourn"]
[EventRounds "11"]
[EventCountry "RUS"]
[EventCategory "3"]
[SourceTitle "CBM 079 Extra"]
[Source "ChessBase"]
[SourceDate "2001.01.11"]
[SourceVersion "2"]
[SourceVersionDate "2001.01.25"]
[SourceQuality "1"]

1. e4 c5 2. Nf3 Nc6 3. Nc3 e5 4. Bc4 d6 5. d3 Be6 6. Nd5 Nf6 7. Bg5 Be7 8. Bxf6 Bxf6 9. c3 g6 10. h4 h5 11. Qd2 Bg7 12. Ng5 Bh6 13. 0-0 0-0 14. Nxe6 Bxd2 15. Nxd8 Raxd8 16. Ne3 Ne7 17. Rad1 Bxe3 18. fxe3 d5 19. Bb3 Kg7 20. exd5 Nxd5 21. Rf3 f5 22. e4 Ne7 23. exf5 Rxf5 24. Rdf1 Rdf8 25. Bd1 b6 26. g3 Rd8 27. Be2 c4 28. Re3 Rxf1+ 29. Bxf1 Nf5 30. Rf3 cxd3 31. Bxd3 Nd6 32. Be2 e4 33. Rf4 Re8 34. Kf2 Nf5 35. Bxh5 e3+ 36. Ke1 Nxg3 37. Bxg6 Kxg6 38. Rg4+ Kh5 39. Rxg3 Kxh4 40. Rg7 a5 41. Ke2 Re5 42. b3 Rc5 43. Kd3 Re5 44. Rg1 b5 45. Re1 Kg4 46. Rxe3 Rd5+ 47. Kc2 Kf4 48. Re8 Rc5 49. Ra8 b4 50. c4 Ke4 51. Re8+ Kd4 52. Rd8+ Ke4 53. Kb2 Rh5 54. Rd2 Rg5 55. Rc2 Kd4 56. Rd2+ Ke4 57. Rh2 Kd3 58. Rc2 Kd4 59. Rd2+ Ke4 60. Kc2 Rh5 61. Rg2 Ke3 62. Kb2 Kd3 63. a3 Ke3 64. axb4 axb4 65. Kc2 Rh3 66. Kb2 Rh5 67. Rg3+ Kd4 68. Rg4+ Kd3 69. Rg3+ Kd4 70. Rg2 Kd3 71. Rc2 Re5 72. Rc1 Kd4 73. Kc2 Rh5 74. Rd1+ Ke4 75. Rd2 Rh3 1/2-1/2

[Event "Tula-B"]
[Site "Tula"]
[Date "2000.??.??"]
[Round "8"]
[White "Sinitsin, Evgeniy"]
[Black "Bairachny, Ruslan"]
[Result "1/2-1/2"]
[WhiteElo "2275"]
[BlackElo "2442"]
[PlyCount "21"]
[EventDate "2000.??.??"]
[EventType "tourn"]
[EventRounds "11"]
[EventCountry "RUS"]
[EventCategory "3"]
[SourceTitle "CBM 079 Extra"]
[Source "ChessBase"]
[SourceDate "2001.01.11"]
[SourceVersion "2"]
[SourceVersionDate "2001.01.25"]
[SourceQuality "1"]

1. e4 c5 2. Nf3 e6 3. d3 Nc6 4. g3 Nf6 5. Bg2 d5 6. Nbd2 Be7 7. 0-0 Qc7 8. Re1 b6 9. Nf1 dxe4 10. dxe4 Bb7 11. e5 1/2-1/2

[Event "Tula-B"]
[Site "Tula"]
[Date "2000.??.??"]
[Round "11"]
[White "Sinitsin, Evgeniy"]
[Black "Maly, Alexey"]
[Result "0-1"]
[WhiteElo "2275"]
[BlackElo "2386"]
[PlyCount "80"]
[EventDate "2000.??.??"]
[EventType "tourn"]
[EventRounds "11"]
[EventCountry "RUS"]
[EventCategory "3"]
[SourceTitle "CBM 079 Extra"]
[Source "ChessBase"]
[SourceDate "2001.01.11"]
[SourceVersion "2"]
[SourceVersionDate "2001.01.25"]
[SourceQuality "1"]

1. e4 c6 2. d4 d5 3. Nd2 dxe4 4. Nxe4 Bf5 5. Ng3 Bg6 6. Nf3 Nd7 7. h4 h6 8. Bd3 Bxd3 9. Qxd3 Ngf6 10. c4 e6 11. Bd2 Be7 12. 0-0-0 b5 13. Kb1 0-0 14. Rc1 bxc4 15. Rxc4 c5 16. dxc5 Bxc5 17. Be3 Bxe3 18. Qxe3 Nb6 19. Rc2 Nbd5 20. Qd4 Qa5 21. Qc5 Qa4 22. Rc4 Qd7 23. Ne5 Qb7 24. Qc6 Qb8 25. Re1 Qd8 26. Qc5 Qb8 27. a3 Qb3 28. Nf1 Rfb8 29. Rc2 Qa4 30. Rc4 Qa6 31. Ka1 Rb5 32. Qd4 Rab8 33. Re2 Rb3 34. Rd2 Nb4 35. Qd6 Rb6 36. Qd8+ Kh7 37. Ne3 Ne4 38. Rxe4 Rxa3+ 39. bxa3 Qxa3+ 40. Kb1 Nd3+ 0-1

[Event "Tula-B"]
[Site "Tula"]
[Date "2000.??.??"]
[Round "2"]
[White "Sinitsin, Evgeniy"]
[Black "Murzin, Lenar"]
[Result "1-0"]
[WhiteElo "2275"]
[BlackElo "2257"]
[PlyCount "109"]
[EventDate "2000.??.??"]
[EventType "tourn"]
[EventRounds "11"]
[EventCountry "RUS"]
[EventCategory "3"]
[SourceTitle "CBM 079 Extra"]
[Source "ChessBase"]
[SourceDate "2001.01.11"]
[SourceVersion "2"]
[SourceVersionDate "2001.01.25"]
[SourceQuality "1"]

1. e4 c5 2. Nf3 e6 3. d3 Nc6 4. g3 Nf6 5. Bg2 Be7 6. 0-0 0-0 7. Re1 d6 8. Nbd2 Rb8 9. h3 h6 10. Nh2 e5 11. f4 Nh7 12. Ndf3 exf4 13. gxf4 f5 14. Nf1 Bh4 15. Re2 Nd4 16. Nxd4 cxd4 17. Kh2 Nf6 18. e5 Nd7 19. Bd5+ Kh8 20. e6 Nb6 21. Bb3 d5 22. Nd2 Qd6 23. Nf3 Bf6 24. Bd2 Bxe6 25. Qg1 Rbe8 26. Rae1 Bf7 27. Nxd4 Rxe2+ 28. Rxe2 Bh5 29. Re1 Bg5 30. Qg3 Be7 31. Ne6 Rg8 32. Bc3 Kh7 33. Nd4 g6 34. Re6 Qd8 35. Qe3 Nc8 36. Qe5 Bd6 37. Qxd5 Bxf4+ 38. Kh1 Qh4 39. Qxb7+ Rg7 40. Qg2 Bg4 41. Nf3 Qh5 42. Ng1 Re7 43. Rxe7+ Nxe7 44. Qa8 Bf3+ 45. Qxf3 Qxf3+ 46. Nxf3 g5 47. Be5 Bc1 48. Bf7 g4 49. hxg4 fxg4 50. Nh2 Nc6 51. Bc3 Nd8 52. Bd5 h5 53. Bf6 g3 54. Nf1 h4 55. Bxh4 1-0